Condicionamientos geográficos: edad antigua

Uloženo v:
Podrobná bibliografie
Hlavní autoři: Cabo, Angel (Autor), Vigil, Marcelo (Autor)
Médium: Kniha
Jazyk:španělština
Vydáno: Madrid, España Alianza 1980
Vydání:Sexta edición
Edice:Historia de España Alfaguara, 1
Témata:
Tagy: Přidat tag
Žádné tagy, Buďte první, kdo vytvoří štítek k tomuto záznamu!

MARC

LEADER 00000nam a2200000 a 4500
001 UCO0912
003 CL-VaPUC
005 20211026074157.0
008 000428e19800000SP |||||||||||||||||spa|d
999 |c 287550  |d 287548 
020 |a 8420620378 
040 |c Pontificia Universidad Católica de Valparaíso 
082 0 4 |a 936.6 CAB 1980  |2 21 
100 0 |a Cabo, Angel  |e author  |9 442536 
245 1 0 |a Condicionamientos geográficos:  |b  edad antigua 
250 |a Sexta edición 
260 |a Madrid, España  |b Alianza  |c 1980 
300 |a 470 páginas 
490 0 |a Historia de España Alfaguara,  |v  1 
583 |a last modification  |c 20000428 00:00:00  |k Rodrigo Vera 
650 7 |a EDAD ANTIGUA  |2 CL-VaPUC  |9 338313 
650 0 |a Historia de España  |9 315435 
650 7 |a PUEBLOS  |2 CL-VaPUC  |9 361304  |z ESPAÑA 
650 0 |a Geografía  |9 259346 
650 0 |a Geografía humana  |z ESPAÑA  |9 267193 
700 0 |a Vigil, Marcelo  |e author  |9 442537 
852 |a BIBCUR 
942 |c BK  |2 ddc 
945 |d 20000428 00:00:00  |a rherrera 
952 |0 0  |1 0  |2 ddc  |4 0  |6 936_600000000000000_CAB_1980  |7 0  |8 A  |9 334456  |a BIBHIS  |b BIBHIS  |d 2019-11-20  |i 1267965  |o 936.6 CAB 1980  |p 1267965  |r 2025-01-20  |t 1  |w 2019-11-20  |y BK  |k HIS